Statistiques concernant De mon pays, je suis le plus haut sommet

Cliquez ici pour prendre le quiz!

Statistiques générales

  • Ce quiz a été pris 108 fois
  • Le résultat moyen est 7 sur 15

Statistiques - réponses

SommetElévation (mètre)Pays% Correct
Mont Olympe2 917Grèce
95%
K28 611Pakistan
82%
Aconcagua6 962Argentine
80%
Hvannadalshnjúkur2 110Islande
68%
Mont Ararat5 165Turquie
59%
Phan Xi Păng3 144Viêt Nam
57%
Signal de Botrange694Belgique
43%
Zugspitze2962Allemagne
41%
Ponta del Pico2 351Portugal
34%
Qurayn Abu al Bawl103Qatar
31%
Mont Villingili5,1Maldives
19%
Carrauntuohil1 038Irlande
18%
Mont Dzerjinski345Biélorussie
17%
Blue Mountain Peak2 256Jamaïque
15%
Morne Diablotins1447Dominique
12%

Distribution des résultats

Percentile par nombre de réponses

% des personnes avec chaque résultat

Votre développement - résultats

Vous n’avez pas pris ce quiz